000 00246nam a2200109Ia 4500
008 190216s9999||||xx |||||||||||||| ||und||
100 _aNull
245 0 _aHindi-Neela Kanda Gorky
260 _bCambridge Uty Press
650 _aHindi
942 _cBK
999 _c15301
_d15301